[Event "Olympiad-44"]
[Site "Chennai"]
[Date "2022.08.08"]
[Round "10.3"]
[White "Jones, Rupert William"]
[Black "Estur, Gavino Aguilar"]
[Result "1-0"]
[WhiteElo "1766"]
[BlackElo "1598"]
[PlyCount "151"]
[EventDate "2022.07.29"]
[EventType "team-swiss"]
[EventRounds "11"]
[EventCountry "IND"]
[SourceTitle "CBM 210"]
[Source "ChessBase"]
[SourceDate "2022.10.31"]
[SourceVersion "1"]
[SourceVersionDate "2022.10.31"]
[SourceQuality "1"]
[WhiteTeam "Papua New Guinea"]
[BlackTeam "Guam"]
[WhiteTeamCountry "PNG"]
[BlackTeamCountry "GMA"]

1. e4 e5 2. Nf3 Nc6 3. Bb5 d6 4. c3 Bd7 5. d3 h6 6. Be3 a6 7. Ba4 Nf6 8. h3 Be7 9. Nbd2 b5 10. Bb3 Na5 11. Bc2 0-0 12. 0-0 c5 13. d4 Qc7 14. Rc1 Rac8 15. b4 cxb4 16. cxb4 Nb7 17. Bb1 Qb8 18. Qb3 a5 19. a3 axb4 20. axb4 Nh7 21. Rfd1 Be6 22. Qb2 Rxc1 23. Rxc1 Bf6 24. Nh2 Bg5 25. Bxg5 Nxg5 26. h4 Nh7 27. Ndf3 f6 28. Bd3 Bd7 29. Qa2+ Kh8 30. Qa6 Nd8 31. d5 Nf7 32. Nd2 Rd8 33. Nb3 Nf8 34. Na5 Qa8 35. Bxb5 Bxb5 36. Qxb5 Rb8 37. Qc4 Nd7 38. Nc6 Rb6 39. Qc3 Kh7 40. Ra1 Qc8 41. Qa3 Nd8 42. Nxd8 Qxd8 43. Nf1 Qb8 44. Qa7 Qxa7 45. Rxa7 Nb8 46. Ra4 Na6 47. Ne3 Nxb4 48. Nc4 Rb8 49. Nxd6 Nd3 50. Ra1 h5 51. Nf5 Nc5 52. f3 Rd8 53. Ra5 Nd7 54. Ra7 Kg8 55. Ne7+ Kf8 56. Nc6 Ke8 57. Nxd8 Kxd8 58. Kf2 Ke7 59. Ke3 Kd6 60. Kd2 Ke7 61. Ke3 Ke8 62. g3 Ke7 63. f4 exf4+ 64. Kxf4 g6 65. Rxd7+ Kxd7 66. e5 fxe5+ 67. Kxe5 Ke7 68. d6+ Kd7 69. Kd5 Kd8 70. Ke6 Ke8 71. Kf6 Kd7 72. Kxg6 Kxd6 73. Kxh5 Ke7 74. Kg6 Kf8 75. Kh7 Kf7 76. g4 1-0

[Event "Olympiad-44"]
[Site "Chennai"]
[Date "2022.07.29"]
[Round "1.3"]
[White "Jones, Rupert William"]
[Black "Phiri, Richmond"]
[Result "0-1"]
[WhiteElo "1766"]
[BlackElo "2293"]
[PlyCount "66"]
[EventDate "2022.07.29"]
[EventType "team-swiss"]
[EventRounds "11"]
[EventCountry "IND"]
[SourceTitle "CBM 210"]
[Source "ChessBase"]
[SourceDate "2022.10.31"]
[SourceVersion "1"]
[SourceVersionDate "2022.10.31"]
[SourceQuality "1"]
[WhiteTeam "Papua New Guinea"]
[BlackTeam "Zambia"]
[WhiteTeamCountry "PNG"]
[BlackTeamCountry "ZAM"]

1. e4 c5 2. Nf3 e6 3. d4 cxd4 4. Nxd4 a6 5. Be2 Nf6 6. Nc3 d6 7. 0-0 Be7 8. Be3 0-0 9. a4 Qc7 10. a5 Bd7 11. f3 Nc6 12. Nb3 Nb4 13. Bb6 Qc8 14. Rc1 e5 15. Nd5 Nbxd5 16. exd5 Ba4 17. Ra1 Bb5 18. Bxb5 axb5 19. Qd2 Qc4 20. Rfd1 Rfc8 21. Rac1 Nd7 22. Qf2 Nxb6 23. Qxb6 Bg5 24. Ra1 Qxc2 25. Qxb5 h5 26. Qd3 Qxb2 27. Rdb1 Qc2 28. Qxc2 Rxc2 29. Ra4 Be3+ 30. Kh1 Rac8 31. Rb4 R8c7 32. h3 Ra2 33. Rb5 Rcc2 0-1

[Event "Olympiad-43"]
[Site "Batumi"]
[Date "2018.10.05"]
[Round "11.3"]
[White "Al Habeeb, Emad"]
[Black "Jones, Rupert William"]
[Result "1-0"]
[WhiteElo "1910"]
[BlackElo "1790"]
[PlyCount "101"]
[EventDate "2018.09.24"]
[EventType "team-swiss"]
[EventRounds "11"]
[EventCountry "GEO"]
[SourceTitle "CBM 187"]
[Source "ChessBase"]
[SourceDate "2018.12.11"]
[SourceVersion "1"]
[SourceVersionDate "2018.12.11"]
[SourceQuality "1"]
[WhiteTeam "Saudi Arabia"]
[BlackTeam "Papua New Guinea"]
[WhiteTeamCountry "SAU"]
[BlackTeamCountry "PNG"]

1. d4 d5 2. Nf3 Nf6 3. e3 Bf5 4. Be2 e6 5. Nh4 h6 6. Nxf5 exf5 7. Nd2 Bd6 8. c4 c6 9. c5 Bc7 10. b4 0-0 11. 0-0 Ne4 12. Nf3 g5 13. Qc2 Nd7 14. g3 Ndf6 15. a4 a6 16. Ne5 g4 17. f3 gxf3 18. Rxf3 Qc8 19. Bb2 Qe6 20. Raf1 Ng4 21. Nxg4 fxg4 22. Rf5 Qg6 23. Bd3 Rae8 24. Bc1 Re6 25. Kg2 Kg7 26. b5 axb5 27. axb5 f6 28. Bxe4 Rxe4 29. bxc6 bxc6 30. Qa4 Qe8 31. Bd2 Kg6 32. Qc2 Qe6 33. R5f2 f5 34. Ra1 Rf7 35. Ra8 Kg7 36. Qd3 Qf6 37. Qa6 Qe6 38. Rc8 Qd7 39. Qa8 Kg6 40. Rg8+ Rg7 41. Qf8 Rxg8 42. Qxg8+ Kf6 43. Rf1 Re8 44. Qxg4 Re4 45. Qh5 Qh7 46. g4 Qg7 47. Qxf5+ Ke7 48. h3 Re6 49. Be1 Rxe3 50. Bh4+ Ke8 51. Qc8+ 1-0

[Event "Olympiad-43"]
[Site "Batumi"]
[Date "2018.09.28"]
[Round "5.79"]
[White "Raimbert, Ronald"]
[Black "Jones, Rupert William"]
[Result "1-0"]
[WhiteElo "1747"]
[BlackElo "1790"]
[PlyCount "54"]
[EventDate "2018.09.24"]
[EventType "team-swiss"]
[EventRounds "11"]
[EventCountry "GEO"]
[SourceTitle "CBM 187"]
[Source "ChessBase"]
[SourceDate "2018.12.11"]
[SourceVersion "1"]
[SourceVersionDate "2018.12.11"]
[SourceQuality "1"]
[WhiteTeam "Mauritius"]
[BlackTeam "Papua New Guinea"]
[WhiteTeamCountry "MRI"]
[BlackTeamCountry "PNG"]

1. d4 d5 2. c4 dxc4 3. Nf3 a6 4. a4 Nf6 5. Nc3 Bg4 6. Ne5 Bh5 7. g3 e6 8. Bg2 c6 9. 0-0 Be7 10. Nxc4 0-0 11. Qb3 Ra7 12. e4 Nbd7 13. h3 b6 14. Bg5 h6 15. Bxf6 gxf6 16. g4 Bg6 17. f4 Qc7 18. f5 Bh7 19. Kh1 Kg7 20. Ne3 Qd6 21. Rad1 exf5 22. gxf5 Qc7 23. Ne2 b5 24. axb5 axb5 25. Nf4 Ra4 26. Ng4 Rb4 27. Qg3 Kh8 1-0

[Event "Olympiad-43"]
[Site "Batumi"]
[Date "2018.09.24"]
[Round "1.60"]
[White "Dardha, Daniel"]
[Black "Jones, Rupert William"]
[Result "1-0"]
[WhiteElo "2299"]
[BlackElo "1790"]
[PlyCount "51"]
[EventDate "2018.09.24"]
[EventType "team-swiss"]
[EventRounds "11"]
[EventCountry "GEO"]
[SourceTitle "CBM 187"]
[Source "ChessBase"]
[SourceDate "2018.12.11"]
[SourceVersion "1"]
[SourceVersionDate "2018.12.11"]
[SourceQuality "1"]
[WhiteTeam "Belgium"]
[BlackTeam "Papua New Guinea"]
[WhiteTeamCountry "BEL"]
[BlackTeamCountry "PNG"]

1. Nf3 Nf6 2. g3 g6 3. b3 Bg7 4. Bb2 c5 5. c4 Nc6 6. Bg2 d6 7. d4 cxd4 8. Nxd4 Nxd4 9. Qxd4 0-0 10. 0-0 a6 11. Nc3 Nd7 12. Qd2 Rb8 13. h4 Qa5 14. Rfd1 Re8 15. a3 h5 16. b4 Qd8 17. Ne4 Ne5 18. Rac1 Be6 19. c5 Bb3 20. Re1 d5 21. Bxe5 Bxe5 22. Ng5 Rc8 23. Qe3 f6 24. Ne6 Qd7 25. Qxb3 Qxe6 26. Bxd5 1-0

[Event "GBR-ch U1900 op 105th"]
[Site "Hull"]
[Date "2018.08.01"]
[Round "3"]
[White "Taylor, Marcel V"]
[Black "Jones, Rupert William"]
[Result "1/2-1/2"]
[WhiteElo "1576"]
[BlackElo "1823"]
[PlyCount "66"]
[EventDate "2018.07.30"]
[EventType "swiss"]
[EventRounds "5"]
[EventCountry "ENG"]
[SourceTitle "EXT 2021"]
[Source "ChessBase"]
[SourceDate "2020.10.23"]
[SourceVersion "1"]
[SourceVersionDate "2020.10.23"]
[SourceQuality "1"]

1. d4 Nf6 2. Bf4 c5 3. e3 Nd5 4. Bc4 Nxf4 5. exf4 g6 6. c3 Bg7 7. dxc5 Qc7 8. Qd5 Qxf4 9. Ne2 Qf6 10. Nd2 0-0 11. Nf3 Qc6 12. Nf4 e6 13. Qd6 Re8 14. 0-0 Bf8 15. Qxc6 dxc6 16. Nd3 Nd7 17. b4 Bg7 18. Rac1 Nf6 19. Bb3 a5 20. Nde5 Nd5 21. Nc4 Nxc3 22. Nd6 Rf8 23. Rc2 axb4 24. Nd2 e5 25. N2c4 Bf5 26. Nxf5 gxf5 27. Nd6 Ra5 28. Nxb7 Rb5 29. Nd6 Rxc5 30. Nxf5 Bf6 31. Re1 Ra8 32. Nh6+ Kg7 33. Nxf7 Rca5 1/2-1/2

[Event "BCF-chT2 1718 (4NCL) Demotion pool"]
[Site "England"]
[Date "2018.05.05"]
[Round "9.58"]
[White "Davis, Lee"]
[Black "Jones, Rupert William"]
[Result "1/2-1/2"]
[WhiteElo "2061"]
[BlackElo "1827"]
[PlyCount "32"]
[EventDate "2017.11.11"]
[EventType "team-tourn"]
[EventRounds "11"]
[EventCountry "ENG"]
[SourceTitle "EXT 2020"]
[Source "ChessBase"]
[SourceDate "2019.10.17"]
[SourceVersion "1"]
[SourceVersionDate "2019.10.17"]
[SourceQuality "1"]
[WhiteTeam "West is Best II"]
[BlackTeam "White Rose II"]
[WhiteTeamCountry "WLS"]
[BlackTeamCountry "ENG"]

1. d4 Nf6 2. g3 c5 3. Nf3 cxd4 4. Nxd4 d5 5. Bg2 e5 6. Nb3 h6 7. 0-0 Be7 8. c4 d4 9. e3 d3 10. Nc3 Nc6 11. Bd2 0-0 12. Ne4 Nxe4 13. Bxe4 Be6 14. Bc3 Bxc4 15. Bxc6 bxc6 16. Na5 Qd5 1/2-1/2

[Event "Olympiad-42"]
[Site "Baku"]
[Date "2016.09.08"]
[Round "6.2"]
[White "Jones, Rupert William"]
[Black "Ahmed, Ashraf"]
[Result "0-1"]
[WhiteElo "1851"]
[BlackElo "1880"]
[PlyCount "38"]
[EventDate "2016.09.02"]
[EventType "team-swiss"]
[EventRounds "11"]
[EventCountry "AZE"]
[SourceTitle "CBM 175"]
[Source "ChessBase"]
[SourceDate "2016.11.10"]
[SourceVersion "1"]
[SourceVersionDate "2016.11.10"]
[SourceQuality "1"]
[WhiteTeam "Papua New Guinea"]
[BlackTeam "Maldives"]
[WhiteTeamCountry "PNG"]
[BlackTeamCountry "MDV"]

1. e4 c5 2. Nc3 Nc6 3. g3 Nf6 4. Bg2 e6 5. d3 Be7 6. Nge2 a6 7. 0-0 0-0 8. f4 d5 9. e5 Nd7 10. a4 b6 11. b3 Bb7 12. Ba3 f6 13. d4 cxd4 14. Bxe7 Qxe7 15. Nxd4 Qc5 16. Nce2 fxe5 17. fxe5 Ndxe5 18. h3 Rxf1+ 19. Bxf1 Nf3+ 0-1

[Event "Olympiad-42"]
[Site "Baku"]
[Date "2016.09.05"]
[Round "4.1"]
[White "Teerapabpaisit, Wisuwat"]
[Black "Jones, Rupert William"]
[Result "1-0"]
[WhiteElo "2248"]
[BlackElo "1851"]
[PlyCount "55"]
[EventDate "2016.09.02"]
[EventType "team-swiss"]
[EventRounds "11"]
[EventCountry "AZE"]
[SourceTitle "CBM 175"]
[Source "ChessBase"]
[SourceDate "2016.11.10"]
[SourceVersion "1"]
[SourceVersionDate "2016.11.10"]
[SourceQuality "1"]
[WhiteTeam "Thailand"]
[BlackTeam "Papua New Guinea"]
[WhiteTeamCountry "THA"]
[BlackTeamCountry "PNG"]

1. e4 d5 2. exd5 Nf6 3. Nf3 Bg4 4. Bb5+ Nbd7 5. h3 Bh5 6. d4 Nxd5 7. 0-0 c6 8. Be2 e6 9. c4 N5b6 10. b3 Be7 11. Nc3 Qc7 12. Be3 Rd8 13. Qc1 Bf6 14. Bf4 Qc8 15. Ne4 Be7 16. Bd6 Bxf3 17. Bxf3 f5 18. Bh5+ g6 19. Bxe7 Kxe7 20. Qg5+ Kf8 21. Nd6 Qc7 22. Rae1 Qxd6 23. Qxd8+ Kg7 24. Qg5 c5 25. dxc5 Nxc5 26. Bf3 h6 27. Qe3 Rb8 28. b4 1-0

[Event "Olympiad-41"]
[Site "Tromsoe"]
[Date "2014.08.09"]
[Round "7.3"]
[White "Jones, Rupert William"]
[Black "Ntagasigumwami, Deo"]
[Result "1-0"]
[WhiteElo "1899"]
[BlackElo "1817"]
[PlyCount "133"]
[EventDate "2014.08.02"]
[EventType "team-swiss"]
[EventRounds "11"]
[EventCountry "NOR"]
[SourceTitle "CBM 162"]
[Source "ChessBase"]
[SourceDate "2014.09.17"]
[SourceVersion "1"]
[SourceVersionDate "2014.09.17"]
[SourceQuality "1"]
[WhiteTeam "Papua New Guinea"]
[BlackTeam "Burundi"]
[WhiteTeamCountry "PNG"]
[BlackTeamCountry "BRI"]

1. e4 c5 2. Nc3 Nc6 3. g3 g6 4. Bg2 Bg7 5. d3 d6 6. Be3 Nd4 7. Qd2 Rb8 8. Nd1 Bd7 9. c3 Nc6 10. Ne2 b6 11. 0-0 Qc8 12. f4 Bh3 13. Rc1 Nf6 14. f5 Bxg2 15. Kxg2 Ng4 16. Bf4 e5 17. fxe6 Qxe6 18. h3 Nge5 19. b3 Qe7 20. Ne3 f6 21. Nd5 Qd8 22. Bh6 0-0 23. Bxg7 Kxg7 24. d4 Nd7 25. Qf4 Qe8 26. Nc7 Qe7 27. d5 Nd8 28. Nb5 Ne5 29. Qe3 a6 30. Na3 Nef7 31. g4 Ng5 32. Ng3 b5 33. Nc2 Qe5 34. h4 Ngf7 35. Rf4 Nh6 36. Rcf1 Ng8 37. b4 Rc8 38. R1f3 Nb7 39. bxc5 dxc5 40. Qf2 Nd6 41. g5 f5 42. exf5 Nxf5 43. Nxf5+ gxf5 44. Ne3 Ne7 45. Nxf5+ Rxf5 46. Rxf5 Nxf5 47. Rxf5 Qe4+ 48. Kh2 Qe7 49. Kg3 Re8 50. Qd2 Qe3+ 51. Qxe3 Rxe3+ 52. Kf4 Rxc3 53. d6 Rd3 54. Ke5 c4 55. Ke6 c3 56. Rc5 Re3+ 57. Kd7 Kf7 58. Kc7 Rd3 59. d7 b4 60. d8Q Rxd8 61. Kxd8 Kg6 62. Kc7 a5 63. Rxa5 Kh5 64. Rc5 Kxh4 65. Kb6 c2 66. Rxc2 Kxg5 67. Kb5 1-0

[Event "BCF-chT2d 1314 (4NCL)"]
[Site "England"]
[Date "2014.05.05"]
[Round "11.78"]
[White "Jones, Rupert William"]
[Black "McMahon, Paul"]
[Result "0-1"]
[WhiteElo "1905"]
[BlackElo "1992"]
[PlyCount "46"]
[EventDate "2013.11.16"]
[EventType "team-tourn"]
[EventRounds "11"]
[EventCountry "ENG"]
[SourceTitle "EXT 2015"]
[Source "ChessBase"]
[SourceDate "2014.11.20"]
[SourceVersion "1"]
[SourceVersionDate "2014.11.20"]
[SourceQuality "1"]
[WhiteTeam "White Rose II"]
[BlackTeam "Poisoned Pawns"]
[WhiteTeamCountry "ENG"]
[BlackTeamCountry "ENG"]

1. e4 e5 2. Nf3 Nc6 3. Bb5 a6 4. Ba4 Nf6 5. d4 Nxd4 6. Nxd4 exd4 7. e5 Ne4 8. Qxd4 Nc5 9. 0-0 b5 10. Bb3 Ne6 11. Qe4 Rb8 12. Be3 Bb7 13. Qg4 h5 14. Qe2 Qh4 15. f4 Bc5 16. c3 Qg4 17. Rf2 Qxe2 18. Rxe2 Nxf4 19. Bxc5 Nxe2+ 20. Kf2 Nf4 21. Kg3 Nd3 22. Be3 0-0 23. Nd2 Nxe5 0-1

[Event "Olympiad-40"]
[Site "Istanbul"]
[Date "2012.09.07"]
[Round "10.3"]
[White "Jones, Rupert William"]
[Black "Luxama, Jacques Muller"]
[Result "0-1"]
[WhiteElo "1941"]
[BlackElo "1964"]
[PlyCount "109"]
[EventDate "2012.08.28"]
[EventType "team-swiss"]
[EventRounds "11"]
[EventCountry "TUR"]
[SourceTitle "CBM 151"]
[Source "ChessBase"]
[SourceDate "2012.11.13"]
[SourceVersion "1"]
[SourceVersionDate "2012.11.13"]
[SourceQuality "1"]
[WhiteTeam "Papua New Guinea"]
[BlackTeam "Haiti"]
[WhiteTeamCountry "PNG"]
[BlackTeamCountry "HAI"]

1. e4 e6 2. d4 d5 3. e5 c5 4. c3 Qb6 5. Nf3 Nc6 6. a3 Nh6 7. b4 cxd4 8. cxd4 Nf5 9. Be3 Bd7 10. Bd3 Nfxd4 11. Nxd4 Nxd4 12. Nd2 f6 13. f4 Nc2+ 14. Bxc2 Qxe3+ 15. Qe2 Qxf4 16. Nf3 Qc4 17. Qxc4 dxc4 18. 0-0 Be7 19. Rfe1 0-0 20. exf6 Bxf6 21. Rad1 Rad8 22. Ne5 Bxe5 23. Rxe5 Bc6 24. Rxe6 Rxd1+ 25. Bxd1 Rd8 26. Be2 c3 27. Bc4 Kf8 28. Re2 Ba4 29. Rf2+ Ke7 30. Rf7+ Ke8 31. Rc7 c2 32. Bb5+ Bxb5 33. Rxc2 Rd3 34. Rc7 Rd7 35. Rc3 Kf8 36. h4 Rd3 37. Rc8+ Kf7 38. Rc7+ Rd7 39. Rc3 Bc6 40. g3 Rd2 41. Kf1 Kf6 42. Ke1 Rg2 43. Kf1 Rh2 44. Kg1 Rd2 45. Kf1 Kf5 46. Ke1 Rg2 47. Kf1 Ra2 48. Rc5+ Kf6 49. Rc3 h6 50. g4 Rh2 51. h5 Rh4 52. Rg3 Kg5 53. Rc3 Rxg4 54. Rc5+ Kf6 55. Kf2 0-1

[Event "Olympiad-40"]
[Site "Istanbul"]
[Date "2012.08.29"]
[Round "2.3"]
[White "Jones, Rupert William"]
[Black "Zaibi, Amir"]
[Result "0-1"]
[WhiteElo "1941"]
[BlackElo "2214"]
[PlyCount "78"]
[EventDate "2012.08.28"]
[EventType "team-swiss"]
[EventRounds "11"]
[EventCountry "TUR"]
[SourceTitle "CBM 151"]
[Source "ChessBase"]
[SourceDate "2012.11.13"]
[SourceVersion "1"]
[SourceVersionDate "2012.11.13"]
[SourceQuality "1"]
[WhiteTeam "Papua New Guinea"]
[BlackTeam "Tunisia"]
[WhiteTeamCountry "PNG"]
[BlackTeamCountry "TUN"]

1. e4 c5 2. Nc3 Nc6 3. g3 g6 4. Bg2 Bg7 5. Nge2 d6 6. d3 Nf6 7. 0-0 0-0 8. f4 Rb8 9. h3 Nd7 10. a4 a6 11. Be3 Nd4 12. Rb1 b5 13. axb5 axb5 14. b4 Nxe2+ 15. Nxe2 Qc7 16. d4 cxd4 17. Nxd4 e5 18. Ne2 Nb6 19. Kh2 Nc4 20. Bg1 Ra8 21. f5 Ra3 22. Rb3 Bh6 23. Rxa3 Nxa3 24. c3 Nc4 25. Qd5 Bd7 26. Qd3 Bc6 27. Ra1 Ra8 28. Rxa8+ Bxa8 29. g4 Qd8 30. Qg3 Qg5 31. h4 Qd2 32. g5 Qxe2 33. gxh6 Bxe4 34. fxg6 hxg6 35. Bf2 Bxg2 36. Kxg2 Qe4+ 37. Kh3 Kh7 38. Qg5 Qf3+ 39. Bg3 Ne3 0-1

[Event "BCF-chT2a 1112 (4NCL)"]
[Site "England"]
[Date "2012.01.15"]
[Round "4.8"]
[White "Davey, Mark"]
[Black "Jones, Rupert William"]
[Result "1-0"]
[WhiteElo "2005"]
[BlackElo "1947"]
[PlyCount "95"]
[EventDate "2011.11.12"]
[EventType "team-tourn"]
[EventRounds "7"]
[EventCountry "ENG"]
[SourceTitle "EXT 2013"]
[Source "ChessBase"]
[SourceDate "2012.11.22"]
[SourceVersion "1"]
[SourceVersionDate "2012.11.22"]
[SourceQuality "1"]
[WhiteTeam "Kings Head"]
[BlackTeam "Bradford DCA Knights"]
[WhiteTeamCountry "ENG"]
[BlackTeamCountry "ENG"]

1. e4 d5 2. exd5 Nf6 3. d4 Bg4 4. Be2 Bxe2 5. Qxe2 Qxd5 6. Nf3 Nc6 7. c4 Qf5 8. Bd2 e6 9. 0-0 0-0-0 10. Bc3 Bd6 11. a3 Qh5 12. Re1 Rhe8 13. Nbd2 e5 14. Nxe5 Qxe2 15. Rxe2 Nxe5 16. dxe5 Bxe5 17. Bxe5 Ng4 18. Nf3 f6 19. Bxf6 Rxe2 20. Bxd8 Kxd8 21. Rd1+ Kc8 22. Rd2 Re4 23. Rd4 Rxd4 24. Nxd4 Ne5 25. b3 Kd7 26. Kf1 a5 27. a4 b6 28. Ke2 g6 29. f4 Ng4 30. h3 Nf6 31. Ke3 h5 32. Nf3 Ke6 33. Ne5 Kf5 34. Nc6 Ke6 35. g3 Ne8 36. Ne5 Kf6 37. c5 bxc5 38. Nd7+ Ke7 39. Nxc5 Nd6 40. g4 hxg4 41. hxg4 Kf7 42. Kd4 c6 43. Nd7 g5 44. f5 Ke7 45. Ne5 Kf6 46. Nxc6 Nxf5+ 47. gxf5 Kxf5 48. Ke3 1-0

[Event "Olympiad-39"]
[Site "Khanty-Mansiysk"]
[Date "2010.09.24"]
[Round "4.4"]
[White "Volpinari, Danilo"]
[Black "Jones, Rupert William"]
[Result "1-0"]
[WhiteElo "2054"]
[BlackElo "1953"]
[PlyCount "177"]
[EventDate "2010.09.21"]
[EventType "team-swiss"]
[EventRounds "11"]
[EventCountry "RUS"]
[SourceTitle "CBM 139"]
[Source "ChessBase"]
[SourceDate "2010.11.18"]
[SourceVersion "1"]
[SourceVersionDate "2010.11.18"]
[SourceQuality "1"]
[WhiteTeam "San Marino"]
[BlackTeam "Papua New Guinea"]
[WhiteTeamCountry "SMR"]
[BlackTeamCountry "PNG"]

1. d4 Nf6 2. Bg5 d6 3. Bxf6 exf6 4. e3 g6 5. g3 Bg7 6. Bg2 c6 7. Ne2 Nd7 8. c4 f5 9. Nbc3 0-0 10. b4 Nf6 11. 0-0 Re8 12. Rc1 Ne4 13. Qd3 Qe7 14. Rc2 Bh6 15. Nd1 Bd7 16. Nec3 Rad8 17. Re2 Bc8 18. b5 d5 19. c5 Qc7 20. a4 Qa5 21. Rb2 Qc7 22. Rb3 Bg7 23. Ne2 b6 24. cxb6 axb6 25. bxc6 Qxc6 26. Nb2 Bd7 27. Rc1 Qd6 28. h4 Ra8 29. Nc3 Nxc3 30. Rcxc3 Bxa4 31. Nxa4 Rxa4 32. Qb5 Ra1+ 33. Bf1 Qe6 34. Qxb6 Qe4 35. Qb5 h5 36. Qd3 Qg4 37. Kg2 Qd1 38. Qxd1 Rxd1 39. Rb5 Ra8 40. Rxd5 Rd2 41. Bc4 Bf6 42. Rd7 Rf8 43. Rb3 f4 44. Kf3 fxg3 45. fxg3 Rc2 46. Bd5 Rc1 47. Rbb7 Bg7 48. Ke2 Rc2+ 49. Kd3 Rf2 50. Be4 Bh6 51. Ra7 Rb8 52. Bd5 Rf8 53. Ra2 Rf1 54. Ke2 Rf6 55. Raa7 g5 56. hxg5 Bxg5 57. Ra1 Kg7 58. Rh1 Rh6 59. e4 h4 60. gxh4 Rxh4 61. Rxh4 Bxh4 62. e5 Kg6 63. Kf3 Be1 64. Ke4 Ba5 65. Bc4 Bb4 66. Rb7 Ba3 67. Rb6+ Kg7 68. Rf6 Bb4 69. d5 Bc3 70. d6 Ba5 71. Kd5 Bd8 72. Rf1 Ba5 73. Ba2 Bd8 74. Kc6 Ba5 75. d7 Bd8 76. Rg1+ Kh6 77. Rb1 Be7 78. Rb7 Bg5 79. Rc7 Kg6 80. Bb1+ Kg7 81. Rc8 Bh4 82. Rxf8 Kxf8 83. Kc7 Kg7 84. d8Q Bxd8+ 85. Kxd8 Kf8 86. Bf5 Kg7 87. Ke7 Kh8 88. Bd7 Kg7 89. Be8 1-0

[Event "Oceania zt"]
[Site "Gold Coast"]
[Date "2009.06.21"]
[Round "3"]
[White "Sannidhanam, Anurag"]
[Black "Jones, Rupert William"]
[Result "1/2-1/2"]
[WhiteElo "1705"]
[BlackElo "1962"]
[PlyCount "70"]
[EventDate "2009.06.20"]
[EventType "swiss"]
[EventRounds "9"]
[EventCountry "AUS"]
[SourceTitle "CBM 130 Extra"]
[Source "ChessBase"]
[SourceDate "2009.07.02"]
[SourceVersion "2"]
[SourceVersionDate "2009.07.15"]
[SourceQuality "1"]

1. Nf3 Nf6 2. g3 e6 3. Bg2 d5 4. 0-0 Bd6 5. c4 c6 6. cxd5 cxd5 7. d3 0-0 8. Bg5 h6 9. Bxf6 Qxf6 10. Nc3 Nc6 11. Nb5 Bb8 12. d4 a6 13. Nc3 Ba7 14. e3 b5 15. Rc1 Bd7 16. Ne2 Rfc8 17. Nf4 Qe7 18. Qd2 Bb6 19. a3 b4 20. axb4 Nxb4 21. e4 Bb5 22. Rfe1 dxe4 23. Rxe4 Rxc1+ 24. Qxc1 g5 25. Nh5 Nd3 26. Qd2 Rc8 27. Ne1 Rc1 28. Bf1 Rxe1 29. Rxe1 Nxe1 30. Qxe1 Bxd4 31. Bxb5 axb5 32. b4 Qc7 33. Qe4 Qa7 34. Kg2 Qa1 35. Qc6 Qa7 1/2-1/2

[Event "Olympiad-38"]
[Site "Dresden"]
[Date "2008.11.17"]
[Round "5"]
[White "Jones, Rupert William"]
[Black "Lettsome, Maurice"]
[Result "1-0"]
[WhiteElo "1966"]
[BlackElo "1812"]
[PlyCount "75"]
[EventDate "2008.11.13"]
[EventType "team-swiss"]
[EventRounds "11"]
[EventCountry "GER"]
[SourceTitle "CBM 128"]
[Source "ChessBase"]
[SourceDate "2009.01.28"]
[SourceVersion "1"]
[SourceVersionDate "2009.01.28"]
[SourceQuality "1"]
[WhiteTeam "Papua New Guinea"]
[BlackTeam "British Virgin Islands"]
[WhiteTeamCountry "PNG"]
[BlackTeamCountry "IVB"]

1. e4 c5 2. Nc3 d6 3. g3 Nf6 4. Bg2 e6 5. Nge2 Be7 6. 0-0 0-0 7. f4 Nc6 8. h3 Rb8 9. g4 h6 10. Ng3 Bd7 11. d3 a6 12. h4 b5 13. g5 hxg5 14. hxg5 Nh7 15. Qh5 b4 16. Kf2 f6 17. g6 Ng5 18. fxg5 fxg5+ 19. Nf5 Rxf5+ 20. exf5 Bf6 21. Qh7+ Kf8 22. Qh8+ Ke7 23. Qxd8+ Nxd8 24. Ne4 exf5 25. Nxg5 Bd4+ 26. Be3 Bxe3+ 27. Kxe3 Kf6 28. Ne4+ Ke5 29. Nd2 d5 30. Nf3+ Kf6 31. Kd2 c4 32. Nd4 Kxg6 33. Bxd5 cxd3 34. cxd3 Kf6 35. Rac1 g6 36. Rc7 Be8 37. Re1 Bf7 38. Bxf7 1-0

[Event "Olympiad-38"]
[Site "Dresden"]
[Date "2008.11.13"]
[Round "1"]
[White "Lopez Falcon, Jorge"]
[Black "Jones, Rupert William"]
[Result "1-0"]
[WhiteElo "2206"]
[BlackElo "1966"]
[PlyCount "83"]
[EventDate "2008.11.13"]
[EventType "team-swiss"]
[EventRounds "11"]
[EventCountry "GER"]
[SourceTitle "CBM 128"]
[Source "ChessBase"]
[SourceDate "2009.01.28"]
[SourceVersion "1"]
[SourceVersionDate "2009.01.28"]
[SourceQuality "1"]
[WhiteTeam "Uruguay"]
[BlackTeam "Papua New Guinea"]
[WhiteTeamCountry "URU"]
[BlackTeamCountry "PNG"]

1. d4 Nf6 2. Nf3 e6 3. c4 d5 4. Nc3 c6 5. e3 a6 6. Bd3 dxc4 7. Bxc4 b5 8. Bd3 c5 9. 0-0 c4 10. Bc2 Be7 11. e4 Bb7 12. Qe2 Qc7 13. Bg5 h6 14. Bh4 g5 15. Bg3 Qb6 16. d5 Nbd7 17. Rad1 0-0-0 18. a4 exd5 19. exd5 Rhe8 20. Bf5 Bd6 21. Qc2 Bxg3 22. hxg3 Kb8 23. axb5 axb5 24. b3 b4 25. Na4 cxb3 26. Qxb3 Nc5 27. Nxb6 Nxb3 28. Rb1 Rd6 29. Nc4 Rxd5 30. Rxb3 Rxf5 31. Nd6 Rxf3 32. gxf3 Re7 33. Rxb4 Nd5 34. Rb3 Rd7 35. Rfb1 Rxd6 36. Rxb7+ Kc8 37. Rxf7 Nc3 38. Rc1 Rc6 39. Kg2 Kd8 40. Rh7 Ke8 41. Ra1 Rd6 42. Rh1 1-0